000 00303nam a22001337a 4500
008 170914b xxu||||| |||| 00| 0 eng d
020 _a9780137273065
041 _aeng
080 _a7
100 _a44
101 _aART
245 _aADVENTURE IN THE HUMAN SPIRIT
_cBISHOP.P.E
942 _2udc
_cBK
999 _c27691
_d27691